000 00702nam a22002417a 4500
005 20170124110018.0
010 _a841123
020 _c5.00
035 _a841123
037 _bCen Lib/Ret
040 _aDPL
_bEN
082 _a341
_bLIS
100 _aLissitzyn, Oliver J
_919111
245 _aInternational law today and tomorrow /
_cby Oliver J. Lissitzyn
246 _b
260 _bAllied Publishers
_c1965
_aNew Delhi
270 _bNew Delhi
_a13/14, Asaf Ali Road
_e110001
300 _ax,133p.
_c21cm(Hb)
500 _aIncludes index
650 _aInternational law
_92114
650 _aLabor laws and legislation, International
_919112
942 _2ddc
_cEN
_h341
_mLIS
999 _c127006
_d127006